| Tag |
First Indicator |
Second Indicator |
Subfields |
| LEADER |
00000cam a2200000 a 4500 |
| 001 |
in00001094321 |
| 005 |
20150929201818.0 |
| 008 |
950829s1990 onc f000 0 eng d |
| 035 |
|
|
|a (OCoLC)33059198
|
| 035 |
|
|
|9 AFT1891AM
|
| 040 |
|
|
|a KKS
|c KKS
|d TXA
|d UtOrBLW
|
| 043 |
|
|
|a n-cn---
|
| 049 |
|
|
|a TXAM
|
| 090 |
|
|
|a HF1766
|b .G73 1990
|
| 100 |
1 |
|
|a Graham, John D.
|
| 245 |
1 |
4 |
|a The effects of trade liberalizati[o]n on the Canadian diary and poultry sectors /
|c John D. Graham, [and others].
|
| 264 |
|
1 |
|a [Ottawa, Ont.] :
|b Policy Branch, Agriculture Canada,
|c 1990.
|
| 300 |
|
|
|a 131 pages ;
|c 28 cm.
|
| 336 |
|
|
|a text
|b txt
|2 rdacontent
|
| 337 |
|
|
|a unmediated
|b n
|2 rdamedia
|
| 338 |
|
|
|a volume
|b nc
|2 rdacarrier
|
| 490 |
1 |
|
|a Working paper ;
|v 3/90
|
| 500 |
|
|
|a "June 1990"
|
| 504 |
|
|
|a Includes bibliographical references.
|
| 650 |
|
0 |
|a Free trade
|z Canada.
|
| 650 |
|
0 |
|a Dairy products industry
|z Canada.
|
| 650 |
|
0 |
|a Poultry industry
|z Canada.
|
| 710 |
1 |
|
|a Canada.
|b Agriculture Canada.
|b Policy Branch.
|
| 830 |
|
0 |
|a Working paper (Canada. Agriculture Canada. Policy Branch) ;
|v 90/3.
|
| 999 |
|
|
|a MARS
|
| 999 |
f |
f |
|s 5b59a1c5-ffe9-3cd4-9743-4c28c80e0ad4
|i 17a7cad7-bc8d-3f0a-bb86-a65b8d8edbfb
|t 0
|
| 952 |
f |
f |
|p ric
|a Texas A&M University
|b Rellis Campus
|c Joint Library Facility
|d Remote Storage
|t 0
|e HF1766 .G73 1990
|h Library of Congress classification
|i unmediated -- volume
|m A14820835692
|
| 998 |
f |
f |
|a HF1766 .G73 1990
|t 0
|l Remote Storage
|